000 00460nam a2200157Ia 4500
008 220216s9999 xx 000 0 und d
100 _aChandran K R
245 0 _aUtilization of coconut pith and coir waste as a filler in natural rubber vulcanizates
260 _bKautschuk Gummi Kunststoffe
_c1995
300 _a29-33
650 _aCoconut pith
650 _aCoir waste
650 _aNatural rubber vulcanizates
700 _aKuriakose A P
942 _cJS
999 _c72027
_d72027